| 000 | 00323 a2200133 4500 | ||
|---|---|---|---|
| 001 | 90367 | ||
| 082 | _a891.4393 NAE | ||
| 090 |
_c42687 _d42687 |
||
| 100 | _aNaeem Baig | ||
| 245 |
_aYou Damn Sala _cNaeem Baig _hUrdu |
||
| 260 |
_aLahore _bBook Age Publishers _c2013 |
||
| 300 | _a128p. | ||
| 500 | _aGeneral Collection | ||
| 942 |
_aCAE NUST _k891.4393 NAE |
||
| 999 |
_c325440 _d325440 |
||